[Event "Magistral Szmetan Giardelli 2019"]
[Site "Buenos Aires"]
[Date "2019.12.04"]
[Round "4.5"]
[White "Granda Zuniga, Julio E"]
[Black "Pichot, Alan"]
[Result "0-1"]
[WhiteElo "2644"]
[BlackElo "2588"]
[Annotator "TA"]
[PlyCount "52"]
[EventDate "2019.12.01"]
[EventType "tourn"]
[EventCountry "ARG"]
[SourceTitle "playchess.com"]
[Source "ChessBase"]
[SourceQuality "1"]

{[%evp 9,52,29,29,0,20,12,33,0,0,8,10,11,20,43,37,0,0,-9,-12,-20,-19,-17,-23,-24,-22,-22,-11,-29,-22,-42,-19,-66,0,-93,-60,-73,-72,-158,-147,-190,-173,-178,-168,-232,-240]} 1. d4 Nf6 2. c4 e6 3. Nf3 d5 4. e3 dxc4 5. Bxc4 a6 6. Qc2 {D26: Queen's Gambit Accepted: 4 e3 e6 5 Bxc5 c5 sidelines} (6. O-O c5 7. b3 cxd4 8. Nxd4 Be7 9. Bb2 O-O 10. Nd2 b5 11. Be2 Bb7 12. Bf3 Ra7 13. Rc1 Qd7 14. Qe2 Bxf3 15. N2xf3 Rc8 16. Ne5 Qe8 17. Rxc8 Qxc8 {½-½ (45) Ding,L (2805)-Nakamura,H (2754) Zagreb 2019}) 6... b5 7. Bd3 Bb7 8. Bd2 {White is slightly better.} Nbd7 $146 ({Predecessor:} 8... Bd6 9. a4 b4 10. a5 h6 11. e4 Be7 12. Be3 Nbd7 13. Nbd2 Rc8 {0-1 (46) Samojlov,A-Gabrielian,A Ufa 1996}) 9. Ba5 Bd6 10. Nbd2 e5 11. Ne4 Qe7 12. Nxd6+ cxd6 13. Be2 exd4 14. Nxd4 Bxg2 15. Nf5 Be4 16. Qxe4 $1 Nxe4 ({Don't play} 16... Qxe4 $6 17. Nxd6+ Ke7 18. Nxe4 $16) 17. Nxe7 Kxe7 18. f3 Nec5 19. Kf2 Ne5 20. Rad1 Rhf8 (20... Rhc8 $15) 21. e4 (21. Rd5 $11 {keeps the balance.}) 21... Rac8 22. Ke3 f5 23. exf5 ({Better is} 23. Bc3) 23... Rxf5 $17 {Black is clearly better.} 24. f4 Nc4+ 25. Bxc4 bxc4 26. Bb4 (26. Rhg1 {might work better.}) 26... Nd3 {[%mdl 64] Double Attack. Accuracy: White = 31%, Black = 57%.} 0-1

[Event "Magistral Szmetan Giardelli 2019"]
[Site "Buenos Aires"]
[Date "2019.12.04"]
[Round "4.6"]
[White "Flores, Diego"]
[Black "Henriquez Villagra, Cristobal"]
[Result "1/2-1/2"]
[WhiteElo "2608"]
[BlackElo "2593"]
[Annotator "TA"]
[PlyCount "85"]
[EventDate "2019.12.01"]
[EventType "tourn"]
[EventCountry "ARG"]
[SourceTitle "playchess.com"]
[Source "ChessBase"]
[SourceQuality "1"]

{[%evp 18,85,29,11,27,16,20,16,35,18,57,0,12,0,0,0,0,0,0,0,0,0,0,0,0,0,0,0,0,0,0,0,0,0,0,0,0,0,0,0,0,0,0,0,0,0,0,0,0,0,0,0,0,0,0,0,0,0,0,0,0,0,0,0,0,0,0,0,0,0]} 1. c4 c6 2. Nf3 d5 3. d4 Nf6 4. Nc3 e6 5. Bg5 Nbd7 6. e3 Be7 7. Qc2 O-O 8. Bd3 h6 9. Bh4 dxc4 10. Bxc4 b5 {D61: Queen's Gambit Declined: Classical: 7 Qc2} 11. Be2 (11. Bd3 a6 12. Ne4 Bb7 13. Bxf6 Nxf6 14. Nxf6+ Bxf6 15. Bh7+ Kh8 16. Be4 Rc8 17. b4 Qe7 18. Rb1 {1-0 (52) Vitiugov,N (2721)-Khismatullin,D (2617) Sochi 2016}) 11... Bb7 12. O-O b4 13. Na4 Qa5 14. Rfc1 $146 ({Predecessor:} 14. a3 bxa3 15. Rfc1 axb2 16. Qxb2 Qc7 17. Bg3 Qc8 18. Nd2 Ba6 {1-0 (42) Zavrazhnov,A (2155)-Shapovalov,D (1759) LSS email 2012}) 14... c5 {The position is equal.} 15. Ne5 g5 {[#]} 16. Ng6 $1 {[%mdl 512]} fxg6 17. Qxg6+ Kh8 18. Bd3 (18. Qxh6+ Nh7 $15) 18... gxh4 19. Qxh6+ Kg8 20. Qg5+ Kh8 21. Qxh4+ Kg8 22. Qg5+ Kh8 23. Qh6+ Kg8 {White must now prevent ...Rf7.} 24. Qg6+ Kh8 25. Nxc5 Nxc5 26. Qh6+ Kg8 27. Qg5+ {[%mdl 64] [#] Pin} Kh8 28. Qh4+ Kg8 29. Qg3+ Kh8 30. Qh4+ Kg8 31. Qg5+ {[%mdl 64] Pin} Kh8 32. Qh6+ Kg8 33. Qg6+ Kh8 34. dxc5 {Strongly threatening Rc4.} Ba6 {aiming for ...Bxd3.} 35. Qh6+ Kg8 36. Qg5+ Kh8 37. Qh4+ Kg7 38. Qg5+ Kh8 39. Qh6+ Kg8 40. Qg6+ Kh8 {Hoping for ...Bxd3.} 41. Qh6+ Kg8 42. Qg6+ Kh8 {Threatens to win with ...Bxd3.} 43. Qh6+ {Accuracy: White = 70%, Black = 94%.} 1/2-1/2

[Event "Magistral Szmetan Giardelli 2019"]
[Site "Buenos Aires"]
[Date "2019.12.05"]
[Round "5.1"]
[White "Henriquez Villagra, Cristobal"]
[Black "Slipak, Sergio"]
[Result "1-0"]
[WhiteElo "2593"]
[BlackElo "2384"]
[Annotator "TA"]
[PlyCount "93"]
[EventDate "2019.12.01"]
[EventType "tourn"]
[EventCountry "ARG"]
[SourceTitle "playchess.com"]
[Source "ChessBase"]
[SourceQuality "1"]

{[%evp 10,93,60,60,55,62,58,29,62,70,62,44,54,38,85,68,97,75,126,104,87,68,62,61,85,79,76,67,76,72,93,84,109,101,91,26,30,29,46,48,34,36,34,37,39,39,45,14,14,2,141,129,139,69,64,39,79,88,50,58,62,0,48,50,164,154,191,199,201,184,1270,1289,877,352,705,345,354,358,520,501,848,848,923,896,1281,1180]} 1. e4 d5 2. exd5 Qxd5 3. Nc3 Qd8 4. d4 Nf6 5. Nf3 Bg4 6. h3 Bxf3 {B01: Scandinavian Defence} 7. Qxf3 c6 8. g4 (8. Be3 e6 9. O-O-O Bb4 10. Ne4 Nxe4 11. Qxe4 Qd5 12. Qxd5 cxd5 13. c4 dxc4 14. Bxc4 {1-0 (41) Dominguez Perez,L (2739)-Pichot,A (2552) chess.com INT 2018}) 8... e6 {White has an edge.} 9. g5 Nd5 10. Ne4 $146 ({Predecessor:} 10. Nxd5 Qxd5 11. Qxd5 cxd5 12. Bf4 Nc6 13. O-O-O h6 14. gxh6 {0-1 (26) Rakhmangulova,A (2161)-Bulavin,A (2221) Kirov 2015}) 10... Qb6 11. c3 Nd7 12. a3 Qa5 13. Bd2 N5b6 (13... Qb6 $142) 14. c4 Qf5 15. Qxf5 exf5 16. Nc3 O-O-O 17. c5 Nd5 18. Bc4 g6 19. O-O-O Bg7 20. Bxd5 ({Reject} 20. Nxd5 $6 cxd5 21. Ba2 Nf8 $11) 20... cxd5 21. Nb5 {Nd6+ is the strong threat.} ({Much less strong is} 21. Nxd5 Nb8 $11) 21... Nf8 22. Nxa7+ (22. Ba5 $1 $16) 22... Kd7 $1 $11 23. Nb5 Ne6 24. Nd6 $36 {[%mdl 2048] White has some pressure.} Rhf8 25. Nxb7 Rb8 26. Na5 Bxd4 27. Bb4 {Threatens to win with c6+.} Kc7 28. Nb3 Bxf2 29. Rxd5 Kc6 (29... Rfd8 $11 {remains equal.} 30. Rxd8 Nxd8) 30. Rd6+ $1 $16 Kb5 {[%cal Re6c5]} 31. Rd7 ({Better is} 31. Kc2 $16 {And now Kc3 would win.} Rfd8 32. Rhd1) 31... Rfc8 32. Rhd1 Rc7 33. Rxc7 Nxc7 34. Kc2 Ne6 35. Bd2 ({White should try} 35. Rd6 $14) 35... Nxc5 36. Nxc5 Bxc5 $11 {[%mdl 4096] Endgame [#] KRB-KRB} (36... Kxc5 $14 37. Bb4+ Kc6) 37. b4 $1 $18 {[%cal Rb4c5]} Bf2 38. Bf4 Re8 {[#]} 39. Kb3 $1 Re4 $2 (39... Ka6 40. Rd6+ Kb7) 40. Rd6 {[%csl Gb3][%cal Ra3a4]} Bb6 41. a4+ Ka6 42. Bd2 (42. a5 $142) 42... Kb7 43. Rd7+ Bc7 (43... Kc6 $142 44. Rxf7 Be3) 44. Rxf7 {White is clearly winning.} Rh4 (44... Kb8 $142 45. Rxh7 Be5) 45. a5 Rxh3+ 46. Kc4 Kc8 47. b5 {Accuracy: White = 66%, Black = 42%.} 1-0

[Event "Magistral Szmetan Giardelli 2019"]
[Site "Buenos Aires"]
[Date "2019.12.05"]
[Round "5.2"]
[White "Pichot, Alan"]
[Black "Flores, Diego"]
[Result "1-0"]
[WhiteElo "2588"]
[BlackElo "2608"]
[Annotator "TA"]
[PlyCount "79"]
[EventDate "2019.12.01"]
[EventType "tourn"]
[EventCountry "ARG"]
[SourceTitle "playchess.com"]
[Source "ChessBase"]
[SourceQuality "1"]

{[%evp 13,79,14,23,19,21,14,20,0,0,20,6,-14,19,27,29,0,0,0,0,0,0,0,55,26,57,54,80,75,71,76,114,103,107,100,171,166,237,227,345,341,306,240,240,125,113,133,141,64,239,245,251,245,242,232,334,189,693,272,372,414,908,888,875,811,29989,29990,29993,29981]} 1. e4 e5 2. Nf3 Nc6 3. Bc4 Bc5 4. c3 Nf6 5. d3 d6 6. O-O a6 7. a4 h6 8. Re1 {C54: Giuoco Piano: 4 c3 Nf6, main lines with 5 d4 and 5 d3} Ba7 (8... a5 9. d4 Ba7 10. h3 g5 11. dxe5 Nxe5 12. Nxe5 dxe5 13. Qxd8+ Kxd8 14. Bxf7 g4 15. hxg4 Nxg4 {½-½ (25) Vachier Lagrave,M (2778)-Anand,V (2756) Saint Louis 2019}) 9. b4 O-O 10. h3 {The position is equal.} Ne7 {[%cal Bc6e7,Be7g6,Bg6f4][%mdl 32]} 11. Nbd2 Ng6 12. Nf1 Nh5 13. d4 Nhf4 $146 ({Predecessor:} 13... Qf6 14. Be3 Nhf4 15. Ng3 Be6 16. Ba2 {1-0 (79) Rosenova Marinova,K (2150)-Skonieczna,B (2352) ICCF email 2012}) 14. Bxf4 Nxf4 15. dxe5 Be6 16. Bxe6 fxe6 17. Ra2 d5 ({Black should play} 17... Qe8 $11) 18. Rd2 $14 Qe8 19. Nd4 (19. exd5 Qg6 $11) 19... Rd8 20. Qg4 h5 21. Qg5 a5 {Black wants to play ...axb4.} 22. b5 Bc5 23. Nf5 $40 {[%mdl 128] Black is in trouble.} exf5 (23... Ng6 $16) 24. exf5 $18 Qf7 (24... Ne6 {was necessary.} 25. fxe6 Qxe6) 25. Ng3 $1 (25. Qxf4 Qxf5 26. Qxf5 Rxf5 $14) 25... h4 (25... Ne6 $142 26. fxe6 Qf4) 26. Qxh4 Ng6 27. fxg6 Qxg6 28. Qg4 (28. Ne4 $18 dxe4 29. Rxd8 Bxf2+ 30. Qxf2 Rxd8 31. Qc2) 28... Qxg4 $16 29. hxg4 Rf4 30. e6 (30. Nf5 $1 $16) 30... Rdf8 $2 {[#]} (30... c6 $14) 31. Nf5 $1 $18 g6 {[#]} 32. g3 $1 Rc4 33. Ne3 ({Not} 33. Rxd5 gxf5 34. Kg2 (34. Rxf5 Be7 $15) (34. gxf5 Kg7 $11) 34... Kg7 $11) 33... Rxc3 (33... Re4 {is a better defense.} 34. Rxd5 b6) 34. Rxd5 (34. Nxd5 $142 Rxg3+ 35. Kh2 (35. Kf1 Rd3 $18) 35... Rxg4 36. e7 Bxe7 37. Rxe7) 34... Bb6 $2 (34... Bxe3 35. Rxe3 Rxe3 36. fxe3 Re8) 35. Kg2 $2 (35. e7 {Threatens to win with Rd8!} Re8 36. Rd8) 35... Re8 36. Re5 Ra3 (36... Bxe3 $142 37. R1xe3 Rc4) 37. Nd5 {aiming for Nf6+.} Kg7 38. g5 {Strongly threatening Nf6.} Rxa4 39. Nf6 Rh8 40. e7 {Accuracy: White = 62%, Black = 39%.} 1-0

[Event "Magistral Szmetan Giardelli 2019"]
[Site "Buenos Aires"]
[Date "2019.12.05"]
[Round "5.3"]
[White "Delgado Ramirez, Neuris"]
[Black "Granda Zuniga, Julio E"]
[Result "1/2-1/2"]
[WhiteElo "2619"]
[BlackElo "2644"]
[Annotator "TA"]
[PlyCount "27"]
[EventDate "2019.12.01"]
[EventType "tourn"]
[EventCountry "ARG"]
[SourceTitle "playchess.com"]
[Source "ChessBase"]
[SourceQuality "1"]

{[%evp 9,27,11,18,11,13,19,28,34,47,39,47,45,42,29,50,45,43,33,38,36]} 1. e4 e5 2. Nf3 Nf6 3. Nxe5 d6 4. Nd3 $146 (4. Nf3 Nxe4 5. Nc3 Nxc3 6. dxc3 Be7 7. Be3 Nc6 8. Qd2 Bf5 9. O-O-O Qd7 10. Bc4 Bf6 11. Nd4 Nxd4 12. Bxd4 Bxd4 13. Qxd4 O-O 14. Rhe1 b6 15. Bd5 Rae8 16. Qc4 {½-½ (30) Vachier Lagrave,M (2774)-Yu,Y (2763) Khanty-Mansiysk 2019}) 4... Nxe4 5. Qe2 Qe7 6. Nf4 {[#] Strongly threatening Nd5. C42: Petroff Defence: 3 Nxe5 and unusual White 3rd moves} Nf6 7. Nc3 Bf5 8. Nfd5 {White has an edge.} Nxd5 9. Nxd5 Qxe2+ 10. Bxe2 Kd8 11. Ne3 Be6 12. d4 {White is slightly better.} d5 13. O-O Nc6 14. c3 1/2-1/2

[Event "Magistral Szmetan Giardelli 2019"]
[Site "Buenos Aires"]
[Date "2019.12.05"]
[Round "5.4"]
[White "Hoffman, Alejandro"]
[Black "Mareco, Sandro"]
[Result "0-1"]
[WhiteElo "2441"]
[BlackElo "2637"]
[Annotator "TA"]
[PlyCount "88"]
[EventDate "2019.12.01"]
[EventType "tourn"]
[EventCountry "ARG"]
[SourceTitle "playchess.com"]
[Source "ChessBase"]
[SourceQuality "1"]

{[%evp 14,88,-12,-13,-7,-8,-7,-18,-19,-33,-27,-18,-15,-37,-34,-48,-29,-29,-40,-33,-25,-43,-47,-45,-44,-45,-37,-62,-70,-83,-85,-81,-72,-79,-66,-127,-123,-132,-124,-127,-108,-142,-146,-143,-129,-166,-151,-179,-191,-189,-191,-184,-172,-179,-187,-205,-211,-228,-228,-213,-212,-340,-340,-334,-331,-645,-645,-645,-642,-593,-568,-1347,-1201,-959,-811,-924,-900]} 1. d4 Nf6 2. c4 e6 3. Nc3 Bb4 4. Bd2 d5 5. e3 O-O 6. Nf3 b6 7. Be2 Bb7 8. O-O Bd6 {E51: Nimzo-Indian: Rubinstein: 4...0-0 5 Nf3 d5} (8... Nbd7 9. Nxd5 Bxd2 10. Nxf6+ Qxf6 11. Nxd2 c5 12. Bf3 Bxf3 13. Qxf3 Rfd8 14. Qxf6 Nxf6 15. Nf3 Ne4 16. Rfd1 {1-0 (55) Miton,K (2592)-Huschenbeth,N (2589) Czech Republic 2018}) 9. Qc2 a6 10. Rad1 $146 ({Predecessor:} 10. cxd5 exd5 11. Rfc1 Nbd7 12. Bf1 Qe7 13. g3 c5 14. Bg2 {0-1 (29) Humburg,P (2244)-Grigorian,S (2384) Karlsruhe 2019}) 10... Nbd7 {The position is equal.} 11. cxd5 exd5 12. Bc1 Qe7 13. Rfe1 Rac8 14. g3 Rfe8 15. Bf1 Ne4 16. Bh3 Rcd8 17. Nh4 g6 18. f3 Nxc3 19. bxc3 c5 20. Bd2 b5 {[%cal Bb6b5,Bb5b4][%mdl 32]} 21. Ng2 Nb6 {[%cal Bd7b6,Bb6c4,Bc4d2][%mdl 32]} 22. Nf4 Nc4 23. Nd3 Nxd2 24. Qxd2 (24. Rxd2 $15 c4 25. Nf2) 24... c4 $17 25. Nf2 {[#]} b4 $1 26. Re2 f5 27. Bg2 {[#]} f4 $1 {[%mdl 512]} 28. gxf4 {[#]} (28. exf4 Qxe2) 28... Bxf4 $1 {[%mdl 512]} 29. Rde1 (29. exf4 Qxe2) 29... Bd6 30. e4 bxc3 31. Qc2 Qh4 32. e5 {[#]} Be7 $1 33. Qxc3 Bc8 34. f4 Qxf4 35. Nd1 Be6 36. Ne3 Qh4 37. Rb1 (37. Rf2 $142) 37... Bg5 38. Rb6 Rb8 39. Nxd5 $2 (39. Rbb2 Red8 40. Nf1) 39... Rxb6 $19 {Black is clearly winning.} 40. Nxb6 Rb8 41. Rb2 Bd8 42. Na4 Rxb2 {[%mdl 64] Overworked Piece} 43. Qxb2 Qe1+ 44. Bf1 Bg5 {Accuracy: White = 39%, Black = 92%.} 0-1

[Event "Magistral Szmetan Giardelli 2019"]
[Site "Buenos Aires"]
[Date "2019.12.05"]
[Round "5.5"]
[White "Felgaer, Ruben"]
[Black "Santiago, Yago De Moura"]
[Result "1/2-1/2"]
[WhiteElo "2560"]
[BlackElo "2479"]
[Annotator "TA"]
[PlyCount "94"]
[EventDate "2019.12.01"]
[EventType "tourn"]
[EventCountry "ARG"]
[SourceTitle "playchess.com"]
[Source "ChessBase"]
[SourceQuality "1"]

{[%evp 16,94,10,12,22,0,35,5,5,0,0,0,1,0,0,0,0,-2,0,0,0,0,0,-7,0,-14,0,-18,0,-18,33,31,22,28,20,30,25,33,64,35,27,0,91,89,89,96,81,0,0,0,7,0,0,0,0,0,0,0,0,0,0,0,0,0,0,0,0,0,0,0,0,0,0,0,11,0,0,0,0,0,0]} 1. e4 e6 2. d4 d5 3. Nc3 Nf6 4. Bg5 Be7 5. e5 Nfd7 6. Bxe7 Qxe7 7. f4 O-O 8. Nf3 c5 9. dxc5 Nxc5 {C14: French: Classical System: 4 Bg5 Be7 main line} (9... Nc6 10. Bd3 f6 11. exf6 Qxf6 12. g3 Nxc5 13. O-O Bd7 14. Bb5 Ne7 15. Bxd7 Nxd7 16. Qd2 Nc5 17. Rae1 Rac8 18. Ne5 Rfd8 19. Rf2 Nf5 20. Ng4 Qg6 21. Ne5 Qf6 22. Ng4 Qg6 23. Ne5 {½-½ (23) Kovchan,A (2587)-Danin,A (2559) Dresden 2017}) 10. Bd3 {Black must now prevent Bxh7+!} f6 11. O-O Nc6 12. Qe2 Bd7 13. Rae1 f5 $146 ({Predecessor:} 13... Nxd3 14. Qxd3 f5 15. Ne2 Rfc8 16. c3 b5 17. b4 a6 18. Ra1 Be8 {0-1 (72) Varnam,L (2107)-Anderson,J (2189) Torquay 2013}) 14. Qe3 a6 {[%cal Ba7a6,Ba6a5][%mdl 32]} 15. a3 b5 16. Ne2 b4 17. axb4 Nxb4 18. Ned4 Rfb8 19. Be2 a5 20. Ra1 a4 21. Qa3 Qf8 22. c4 Nb3 ({Black should play} 22... Ne4 $11) 23. Nxb3 $14 axb3 24. Qxb3 Qc5+ 25. Kh1 Rxa1 26. Rxa1 Bc6 27. Qc3 Qf2 $1 {[%cal Rf2e2]} 28. Nd4 {[#] Threatens to win with Rf1.} dxc4 (28... Nc2 $1 $11 {remains equal.} 29. Qxc2 (29. Nxc6 Nxa1 30. Nxb8 Qxe2 $15) (29. Nxc2 $2 d4 $19) 29... Qxd4) 29. Nxc6 $16 Nxc6 30. Bxc4 Nd4 31. Rd1 (31. b4 $16 {And now Rf1 would win.} Qxf4 32. Rd1) 31... Qxb2 $11 {The position is equal.} 32. Qxb2 ({Not} 32. Qxd4 $2 Qxd4 33. Bxe6+ {[#]} Kh8 $1 $19 {[%mdl 512]}) 32... Rxb2 {[%mdl 4096] Endgame KRB-KRN} 33. h3 Ne2 34. Bxe6+ Kf8 35. Rd7 {Hoping for Rf7+.} Nxf4 36. Bxf5 Nxg2 37. e6 Nf4 38. Rf7+ Ke8 39. Rxg7 Re2 40. Rxh7 Nxe6 41. Bg4 Re5 42. Kh2 Kf8 43. Kg3 Ng7 44. Rh8+ Kf7 45. h4 Kg6 46. Bf3 Nh5+ 47. Kh3 Nf6 {Accuracy: White = 48%, Black = 71%.} 1/2-1/2

[Event "Magistral Szmetan Giardelli 2019"]
[Site "Buenos Aires"]
[Date "2019.12.05"]
[Round "5.6"]
[White "Perez Ponsa, Federico"]
[Black "Ricardi, Pablo"]
[Result "1-0"]
[WhiteElo "2560"]
[BlackElo "2493"]
[Annotator "TA"]
[PlyCount "79"]
[EventDate "2019.12.01"]
[EventType "tourn"]
[EventCountry "ARG"]
[SourceTitle "playchess.com"]
[Source "ChessBase"]
[SourceQuality "1"]

{[%evp 15,91,33,35,48,46,47,50,47,43,46,64,61,66,58,71,71,64,70,83,89,111,84,126,64,95,63,134,119,117,114,120,123,112,111,116,106,129,130,133,115,132,130,141,121,150,152,170,161,215,204,205,207,209,204,228,207,230,201,314,320,361,362,568,582,575,573,538,512,531,523,471,412,796,796,750,456,447,425]} 1. e4 c5 2. Nf3 Nc6 3. d4 cxd4 4. Nxd4 Nf6 5. Nc3 e5 6. Ndb5 d6 7. Bg5 a6 8. Na3 Be6 9. Nc4 {B33: Sicilian: Pelikan and Sveshnikov Variations} Rb8 10. a3 $146 ({Predecessor:} 10. a4 h6 11. Bxf6 Qxf6 12. Nd5 Bxd5 13. exd5 Na7 14. Be2 Be7 15. O-O Bd8 16. Qd2 O-O {½-½ (48) Brkic,A (2563)-Mamedov,R (2703) Skopje 2018}) 10... Nd4 11. Bxf6 {White is slightly better.} Qxf6 12. Ne3 Qg6 13. Bd3 Be7 14. O-O O-O 15. Ncd5 Bd8 16. c3 Nc6 17. Nf5 Kh8 18. Bc2 Bg5 19. Qd3 ({Don't do} 19. Nxd6 $6 Bxd5 20. exd5 (20. Qxd5 $2 Rbd8 $19) 20... Qxd6 $14) (19. Re1 $16) 19... Rbd8 20. Rad1 h5 ({Black should play} 20... Qh5 $1 $14) 21. Qe2 Qh7 22. Nb6 g6 23. Nxd6 Nd4 {[#]} 24. Nxf7+ $1 Qxf7 25. cxd4 Rxd4 26. Rxd4 exd4 {[#]} 27. Nd5 $1 {[%mdl 512]} Bh6 (27... Bxd5 28. exd5) 28. Qd3 Bg7 29. Bb3 Bd7 30. f4 Bb5 31. Bc4 Bxc4 (31... Bc6 {might work better.} 32. g3 a5) 32. Qxc4 $18 Qe6 33. Qd3 Re8 34. Re1 {And now Nc7 would win.} Qc6 35. h3 b5 36. Qf3 Rd8 (36... Qc2 $142 37. f5 d3) 37. Nb4 Qc4 38. Nd3 Qc2 (38... Rc8 $142 39. Rc1 Qg8 40. Rxc8 Qxc8) 39. e5 Rf8 40. e6 {Played: Qf3-e4} 1-0

[Event "Magistral Szmetan Giardelli 2019"]
[Site "Buenos Aires"]
[Date "2019.12.06"]
[Round "6.1"]
[White "Slipak, Sergio"]
[Black "Ricardi, Pablo"]
[Result "1/2-1/2"]
[WhiteElo "2384"]
[BlackElo "2493"]
[Annotator "TA"]
[PlyCount "32"]
[EventDate "2019.12.01"]
[EventType "tourn"]
[EventCountry "ARG"]
[SourceTitle "playchess.com"]
[Source "ChessBase"]
[SourceQuality "1"]

{[%evp 12,32,12,7,55,37,35,23,23,9,0,0,0,0,0,0,0,0,0,-14,-14,-14,-16]} 1. Nf3 Nf6 2. c4 e6 3. d4 d5 4. Nc3 dxc4 5. e3 c5 6. Bxc4 a6 7. O-O cxd4 {D27: Queen's Gambit Accepted: Classical main line: 7 e4!? and 7 a4} (7... b5 8. Be2 Nbd7 9. d5 exd5 10. Nxd5 Bb7 11. Nxf6+ Qxf6 12. a4 b4 13. e4 h6 14. Qc2 Bd6 15. Be3 O-O 16. Nd2 {½-½ (30) Radjabov,T (2758)-Ding,L (2811) Khanty-Mansiysk 2019}) 8. Qxd4 Qxd4 9. Nxd4 Bd7 {White has an edge.} 10. b3 $146 ({Predecessor:} 10. Rd1 Nc6 11. a3 Rc8 12. Nxc6 Bxc6 13. Bf1 Be7 14. b4 Nd5 15. Nxd5 Bxd5 16. Bb2 f6 17. Rac1 Kf7 18. f3 Rhd8 19. Rxc8 Rxc8 20. Rc1 Rxc1 21. Bxc1 f5 22. Bb2 g5 23. Bd3 h6 {½-½ (23) Vincent,S (2235)-Koch,J (2453) France 2008}) 10... Nc6 {The position is equal.} 11. Nxc6 Bxc6 12. Bb2 Be7 13. Rfd1 O-O 14. Be2 Rfd8 15. Rxd8+ Rxd8 16. Rd1 Rxd1+ 1/2-1/2

[Event "Magistral Szmetan Giardelli 2019"]
[Site "Buenos Aires"]
[Date "2019.12.06"]
[Round "6.2"]
[White "Santiago, Yago De Moura"]
[Black "Perez Ponsa, Federico"]
[Result "1-0"]
[WhiteElo "2479"]
[BlackElo "2560"]
[Annotator "TA"]
[PlyCount "85"]
[EventDate "2019.12.01"]
[EventType "tourn"]
[EventCountry "ARG"]
[SourceTitle "playchess.com"]
[Source "ChessBase"]
[SourceQuality "1"]

{[%evp 12,85,5,7,16,0,0,0,0,0,0,0,0,0,0,0,-5,-31,0,-47,-47,-72,0,0,0,0,0,0,0,0,0,0,0,0,0,0,0,0,13,15,16,32,32,9,20,22,141,149,246,253,244,0,253,238,229,220,289,275,293,290,702,117,641,631,1480,1651,1651,1641,1629,1633,1486,1466,1370,1327,1210,1158]} 1. c4 e6 2. g3 Nf6 3. Bg2 d5 4. Nf3 Be7 5. O-O O-O 6. b3 d4 7. e3 c5 {A14: English Opening: 1...e6 with b3 by White} 8. exd4 cxd4 9. d3 (9. Re1 Nc6 10. Bb2 Bd6 11. Nxd4 Nxd4 12. Bxd4 Bxg3 13. hxg3 Qxd4 14. Nc3 Ng4 15. Qf3 f5 16. Nb5 Qb6 17. Qf4 e5 18. Rxe5 Nxe5 19. Qxe5 {1-0 (37) Artemiev,V (2761)-Korobov,A (2687) Poikovsky 2019}) 9... Nc6 {The position is equal.} 10. Ba3 Nd7 11. Bxe7 Qxe7 12. a3 a5 13. Nbd2 Nc5 14. Qe2 e5 15. Ne1 (15. b4 $5 axb4 16. axb4 $17) 15... Bf5 $146 ({Predecessor:} 15... Re8) 16. Rb1 Bg6 ({Better is} 16... Rae8 $17) 17. f4 $11 exf4 18. Qxe7 Nxe7 {[%cal Bc6e7,Be7f5,Bf5e3][%mdl 32]} 19. Rxf4 Rfd8 20. Ne4 Ne6 21. Rf2 Nf5 22. Bh3 Ne3 23. Bxe6 fxe6 24. Nc5 Rd6 25. Nxb7 Rb6 $1 {[%cal Rb6b7]} 26. Nc5 $36 {[%mdl 2048] White has the initiative.} Nxc4 27. Nc2 Rc8 28. Rbf1 {And now Nd7 would win.} h5 {[#]} (28... Ne3 $11 29. Nd7 Rbb8 30. Nxb8 Nxf1 31. Nxd4 Rxb8) 29. Nd7 $1 $16 (29. bxc4 Rxc5 30. Nxd4 Bxd3 $15) 29... Rb7 (29... Rxb3 $16 30. dxc4 Rxc4) 30. Rf8+ $18 ({Stronger than} 30. bxc4 Rxd7 31. Rd1 e5 $11) 30... Rxf8 31. Rxf8+ Kh7 32. Nc5 {[%mdl 64] Double Attack} (32. bxc4 Rxd7 33. Ne1 e5 $11) 32... Rb5 {[#] Strongly threatening ...Nxa3.} 33. Rc8 $1 ({Not} 33. bxc4 Rxc5 34. Ne1 (34. Nxd4 Bxd3 35. Nxe6 Rxc4 $11) 34... Bf5 $11) ({Inferior is} 33. Nxe6 Rxb3 34. dxc4 d3 $11) 33... Ne5 34. Nxd4 {[%mdl 64] Double Attack} Rb6 35. Ncxe6 Nxd3 $2 (35... h4 36. Ng5+ Kh6) 36. Ng5+ Kh6 37. h4 {White is clearly winning.} a4 38. Rh8+ Bh7 39. Nf5+ Kg6 40. Ne7+ Kf6 41. Nd5+ {[%mdl 64] Double Attack} Kf5 42. Nxb6 axb3 43. Nc4 {Accuracy: White = 76%, Black = 54%.} 1-0